[Event "Kvika Reykjavik Open 2022"]
[Site "Reykjavik ISL"]
[Date "2022.04.10"]
[Round "7.96"]
[White "Gardarsson, Hordur"]
[Black "Johannsson, Markus Orri"]
[Result "0-1"]
[WhiteElo "1517"]
[BlackElo "1288"]
[WhiteFideId "2303604"]
[BlackFideId "2318539"]
[EventDate "2022.04.06"]

1. d4 Nf6 2. Nf3 b6 3. g3 Bb7 4. Bg2 e6 5. O-O c5 6. c4 cxd4 7. Nxd4 Bxg2 8.
Kxg2 Bc5 9. Nc3 Nc6 10. Be3 Nxd4 11. Bxd4 Bxd4 12. Qxd4 Qc7 13. e4 O-O 14. Nb5
Qc6 15. Nd6 Ne8 16. Nxe8 Rfxe8 17. Rac1 Rad8 18. Kg1 Qa4 19. Rfd1 h6 20. Qc3 Rc8
21. b3 Qc6 22. e5 Red8 23. Rd6 Qb7 24. Rcd1 Rc7 25. Qd3 Qa6 26. Qe2 Qb7 27. R1d4
Rc6 28. Qh5 Rxd6 29. exd6 Qc6 30. b4 Qa4 31. Rf4 Rf8 32. c5 bxc5 33. bxc5 Qxa2
34. Rg4 Qc2 35. Rf4 a5 36. Qg4 Qxc5 37. Rd4 Qc6 38. Qf4 Rb8 39. f3 Qc5 40. Qe3
Rb3 41. Qe4 Rb4 42. Qa8+ Kh7 0-1

[Event "Kvika Reykjavik Open 2022"]
[Site "Reykjavik ISL"]
[Date "2022.04.10"]
[Round "7.97"]
[White "De Wachter, Livia"]
[Black "Sandin, Albin"]
[Result "0-1"]
[WhiteElo "1171"]
[BlackElo "1513"]
[WhiteFideId "255505"]
[BlackFideId "1731092"]
[EventDate "2022.04.06"]

1. e4 c5 2. Nc3 a6 3. f4 b5 4. Nf3 Bb7 5. d3 Nf6 6. Be2 d5 7. O-O dxe4 8. dxe4
Qxd1 9. Rxd1 Nxe4 10. Be3 Nxc3 11. bxc3 e6 12. c4 b4 13. a3 bxa3 14. Rxa3 Be7
15. Ne5 O-O 16. Nd7 Rd8 17. Nb6 Rxd1+ 18. Bxd1 Ra7 19. Rd3 Be4 20. Rb3 Rb7 21.
Nc8 Bf8 22. Nb6 Nd7 23. Na4 Rb4 24. Nb2 Nb8 25. Bd2 Rb7 26. Kf2 Nd7 27. Bf3 Rxb3
28. cxb3 Bc2 29. Bd1 Bxd1 30. Nxd1 f6 31. Ba5 Kf7 32. Ke3 e5 33. Nc3 exf4+ 34.
Kxf4 Bd6+ 35. Kf3 Bxh2 36. g3 Bg1 37. Ne2 Ne5+ 38. Ke4 Bf2 39. Kd5 Ke7 40. Bc7
Nd3 41. Bd6+ Kf7 42. Nc3 h5 43. Ne4 Nb4# 0-1

[Event "Kvika Reykjavik Open 2022"]
[Site "Reykjavik ISL"]
[Date "2022.04.10"]
[Round "7.99"]
[White "Thorisson, Bjartur"]
[Black "Lewis, Stephen"]
[Result "0-1"]
[WhiteElo "1292"]
[BlackElo "1929"]
[WhiteFideId "2314916"]
[BlackFideId "479713"]
[EventDate "2022.04.06"]

1. e4 d5 2. exd5 Qxd5 3. d4 Nc6 4. Nf3 Bg4 5. c4 Qh5 6. Be2 O-O-O 7. d5 e6 8. h3
Bxf3 9. Bxf3 Qe5+ 10. Be3 exd5 11. cxd5 Nf6 12. Nc3 Bb4 13. Qb3 Nxd5 14. O-O Bd6
15. g3 Nxe3 16. Rfe1 Bc5 17. Nb5 Qf6 18. Rxe3 Bxe3 19. Bg4+ Kb8 20. fxe3 a6 21.
Nc3 Qe5 22. Re1 Qxg3+ 23. Kh1 Qxe1+ 0-1

[Event "Kvika Reykjavik Open 2022"]
[Site "Reykjavik ISL"]
[Date "2022.04.10"]
[Round "7.100"]
[White "Natoli, Domenico"]
[Black "Palsson, Oli"]
[Result "0-1"]
[WhiteElo "1608"]
[BlackElo "1295"]
[WhiteFideId "806277"]
[BlackFideId "2320142"]
[EventDate "2022.04.06"]

1. d4 d5 2. c4 dxc4 3. e4 c5 4. Bxc4 cxd4 5. Nf3 Nc6 6. O-O e6 7. Nbd2 Bc5 8.
Nb3 Bb6 9. e5 a6 10. Re1 Nge7 11. Bd3 O-O 12. Bxh7+ Kxh7 13. Ng5+ Kg6 14. Qd3+
Nf5 15. g4 Nb4 16. gxf5+ exf5 17. Qg3 Qxg5 18. Qxg5+ Kh7 19. Nxd4 Be6 20. Nxf5
Bxf5 21. Qxf5+ g6 22. Qe4 Nc6 23. Qh4+ Kg8 24. Bg5 Nd4 25. Bf6 Nf3+ 26. Kh1 Nxh4
27. Bxh4 Rac8 28. Bf6 Bxf2 29. Rf1 Bb6 30. Rf3 Bd8 31. Bxd8 Rfxd8 32. Raf1 Rc7
33. Rf6 Re8 34. Re1 Rc6 35. e6 Rcxe6 36. Ref1 Rxf6 37. Rxf6 Re1+ 38. Kg2 Re2+
39. Kg3 Rxb2 40. a4 Kg7 41. Rf4 b5 42. axb5 axb5 43. Kf3 Rxh2 44. Rb4 Rh5 45.
Kg4 Rc5 46. Rb1 Rc4+ 47. Kg3 b4 48. Kf3 f5 49. Kg3 Kf6 50. Kh3 g5 51. Kg3 Rc3+
52. Kg2 b3 53. Kf2 g4 54. Kg2 f4 55. Kh2 Kf5 56. Kg2 Rc2+ 57. Kh1 b2 58. Rg1 Rc1
59. Kh2 Rxg1 60. Kxg1 b1=Q+ 61. Kh2 Qc2+ 62. Kg1 g3 0-1

[Event "Kvika Reykjavik Open 2022"]
[Site "Reykjavik ISL"]
[Date "2022.04.10"]
[Round "7.102"]
[White "Saemundarson, Saethor Ingi"]
[Black "Gudnyjarson, Sigurdur Pall"]
[Result "0-1"]
[WhiteElo "1212"]
[BlackElo "1420"]
[WhiteFideId "2319845"]
[BlackFideId "2321637"]
[EventDate "2022.04.06"]

1. e4 e6 2. d4 d5 3. Nc3 Bb4 4. Bd2 dxe4 5. Nxe4 Qxd4 6. Nc3 Nf6 7. Nf3 Qd6 8.
Nb5 Bxd2+ 9. Nxd2 Qd7 10. Nc4 Nd5 11. Qd4 O-O 12. Ne5 Qe7 13. Nxa7 Qb4+ 14. Qxb4
Nxb4 15. Nxc8 Nxc2+ 16. Kd1 Nxa1 17. Ne7+ Kh8 18. Bc4 g6 19. Re1 Re8 20. Nxf7+
Kg7 21. Nxg6 hxg6 22. Ng5 e5 23. Ne6+ Kf6 24. Nxc7 Rd8+ 25. Ke2 Ra4 26. b3 Rxa2+
27. Kf3 Nc2 0-1

[Event "Kvika Reykjavik Open 2022"]
[Site "Reykjavik ISL"]
[Date "2022.04.10"]
[Round "7.103"]
[White "Hreinsson, Johann Helgi"]
[Black "Eythorsson, Engilbert Vidar"]
[Result "1-0"]
[WhiteElo "1406"]
[BlackElo "1253"]
[WhiteFideId "2317540"]
[BlackFideId "2321769"]
[EventDate "2022.04.06"]

1. d4 Nf6 2. c4 e6 3. Nf3 c5 4. e3 cxd4 5. exd4 Bb4+ 6. Bd2 Bxd2+ 7. Nbxd2 O-O
8. Bd3 Nc6 9. a3 a5 10. h4 h5 11. Ne4 Ng4 12. Be2 Qb6 13. Rb1 f5 14. c5 Qc7 15.
Nd6 b6 16. Qc2 Nd8 17. Ng5 Nf7 18. Ngxf7 Rxf7 19. Nxf7 Kxf7 20. Bxg4 fxg4 21.
Rc1 Bb7 22. O-O Qc6 23. f3 Kg8 24. fxg4 hxg4 25. Qf2 Qe4 26. cxb6 Ra6 27. Rc7
Bc6 28. b7 Bxb7 29. Rxd7 Qxg2+ 30. Qxg2 Bxg2 31. Kxg2 Rb6 32. Rf2 Rb3 33. Rd2
Rh3 34. Ra7 Rxh4 35. Rxa5 Kf7 36. Kg3 Rh6 37. Kxg4 Rg6+ 38. Kf4 Rf6+ 39. Ke4 g6
40. Ra7+ Ke8 41. Rc2 Kd8 42. Rh2 Rf8 43. Rhh7 e5 44. dxe5 Rf7 45. Rh8+ Rf8 46.
Rxf8# 1-0

[Event "Kvika Reykjavik Open 2022"]
[Site "Reykjavik ISL"]
[Date "2022.04.10"]
[Round "7.104"]
[White "Briem, Gudrun Fanney"]
[Black "Brynjarsson, Orvar Holm"]
[Result "1-0"]
[WhiteElo "1364"]
[BlackElo "1211"]
[WhiteFideId "2317486"]
[BlackFideId "2321726"]
[EventDate "2022.04.06"]

1. e4 e6 2. d4 d5 3. e5 c5 4. c3 Nc6 5. Nf3 Qb6 6. Qb3 Nh6 7. Bxh6 gxh6 8. Qxb6
axb6 9. Bb5 Rg8 10. g3 Ra5 11. a4 Bd7 12. Bd3 cxd4 13. Nxd4 Nxe5 14. Bxh7 Rg7
15. Bc2 b5 16. b4 Ra7 17. a5 Bc6 18. Nd2 Nd7 19. f4 Ke7 20. Kf2 Rg8 21. Bd3 Bg7
22. N2b3 Raa8 23. Bxb5 Bxb5 24. Nxb5 Rac8 25. Rac1 Nf6 26. Nd2 Rc6 27. h3 h5 28.
Rhe1 Nd7 29. Nb3 Rc4 30. Red1 Rgc8 31. Nd2 Rxc3 32. Nxc3 Rxc3 33. Nf3 Nf6 34.
Ng5 d4 35. b5 Nd5 36. a6 bxa6 37. bxa6 Nb6 38. Rb1 d3 39. Rxb6 Bd4+ 40. Ke1 Bxb6
41. Ra1 Ba7 42. Rb1 Kf6 43. Ne4+ 1-0

[Event "Kvika Reykjavik Open 2022"]
[Site "Reykjavik ISL"]
[Date "2022.04.10"]
[Round "7.105"]
[White "Hoskuldsson, Sigurdur Heidar"]
[Black "Neilooday, Raj"]
[Result "1-0"]
[WhiteElo "1321"]
[BlackElo "1201"]
[WhiteFideId "2319675"]
[BlackFideId "33344671"]
[EventDate "2022.04.06"]

1. e4 e5 2. Nf3 Nc6 3. Bc4 Bc5 4. O-O Nf6 5. d4 exd4 6. e5 d5 7. exf6 dxc4 8.
fxg7 Rg8 9. Re1+ Be7 10. Bh6 Be6 11. Ng5 Bxg5 12. Qh5 Bxh6 13. Rxe6+ Kd7 14.
Qxf7+ Kc8 15. Rxh6 Re8 16. Re6 Ne7 17. Nd2 c3 18. bxc3 dxc3 19. Nc4 b6 20. Rae1
Kb7 21. Rxe7 Rxe7 22. Qxe7 Qd5 23. Qe4 Qxe4 24. Rxe4 Rd8 25. h4 Kc6 26. Ne5+ Kd5
27. Nf7 Rg8 28. Rg4 a5 29. Nh6 Re8 30. g8=Q+ Rxg8 31. Nxg8 b5 32. Nf6+ Ke5 33.
Rg5+ Kxf6 34. Rxb5 Ke6 35. Rxa5 Kd6 36. f4 c5 37. f5 Ke5 38. Rxc5+ Kd6 39. Rxc3
Ke5 40. a4 Kxf5 41. a5 h5 42. a6 Kg4 43. a7 Kxh4 44. a8=Q Kg4 45. Qa4+ Kg5 46.
Rc5+ Kg6 47. Qa6+ Kf7 48. Rc7+ Ke8 49. Qa8# 1-0

[Event "Kvika Reykjavik Open 2022"]
[Site "Reykjavik ISL"]
[Date "2022.04.10"]
[Round "7.106"]
[White "Grettisson, Arnar Breki"]
[Black "Sveinbjornsson, Gudmundur Orri"]
[Result "1-0"]
[WhiteElo "1518"]
[BlackElo "1144"]
[WhiteFideId "2322790"]
[BlackFideId "2318369"]
[EventDate "2022.04.06"]

1. e4 e5 2. Nf3 Nc6 3. Bc4 Bc5 4. d3 Nf6 5. a3 a5 6. O-O h6 7. c3 d6 8. d4 exd4
9. cxd4 Ba7 10. Nc3 O-O 11. Bf4 Re8 12. Re1 Bg4 13. Qb3 Qd7 14. d5 Nd8 15. Nd2
a4 16. Qc2 Nh5 17. Be3 Bh3 18. gxh3 Qxh3 19. Bf1 Qg4+ 20. Bg2 Re5 21. h3 Qg6 22.
Nf3 Bxe3 23. Nxe5 dxe5 24. Rxe3 Ra6 25. Qd1 Nf4 26. Rg3 Qb6 27. Nxa4 Qb5 28. Bf1
Qxa4 29. Bxa6 Qxa6 30. Rb3 Ne2+ 31. Kg2 Nf4+ 32. Kh2 Qa4 33. Rb4 Qd7 34. Qg4 Qe7
35. Rg1 g6 36. Ra4 1-0

[Event "Kvika Reykjavik Open 2022"]
[Site "Reykjavik ISL"]
[Date "2022.04.11"]
[Round "8.1"]
[White "Warmerdam, Max"]
[Black "Idani, Pouya"]
[Result "1/2-1/2"]
[WhiteTitle "GM"]
[BlackTitle "GM"]
[WhiteElo "2599"]
[BlackElo "2638"]
[WhiteFideId "1048104"]
[BlackFideId "12510130"]
[EventDate "2022.04.06"]

1. d4 Nf6 2. c4 e6 3. Nf3 d5 4. g3 h6 5. Bg2 Bd6 6. O-O O-O 7. b3 b6 8. Bb2 Bb7
9. Nc3 Nbd7 10. Nd2 Qe7 11. Nb5 Ne4 12. Rc1 Rfc8 13. e3 a6 14. Nxd6 cxd6 15. Ba3
Nxd2 16. Qxd2 Nf6 17. cxd5 Nxd5 18. e4 Nf6 19. f3 a5 1/2-1/2

[Event "Kvika Reykjavik Open 2022"]
[Site "Reykjavik ISL"]
[Date "2022.04.11"]
[Round "8.2"]
[White "Praggnanandhaa, R"]
[Black "Cornette, Matthieu"]
[Result "1-0"]
[WhiteTitle "GM"]
[BlackTitle "GM"]
[WhiteElo "2624"]
[BlackElo "2569"]
[WhiteFideId "25059530"]
[BlackFideId "620084"]
[EventDate "2022.04.06"]

1. d4 Nf6 2. c4 e6 3. Nc3 Bb4 4. e3 O-O 5. Bd2 d5 6. Nf3 b6 7. cxd5 exd5 8. Bd3
Bb7 9. Qc2 Re8 10. a3 Bf8 11. Ng5 g6 12. h4 Bg7 13. O-O-O Ng4 14. Nxh7 Kxh7 15.
h5 Kg8 16. hxg6 f6 17. Rdf1 Nc6 18. Ne2 Qd6 19. Ng3 Ne7 20. Rh7 f5 21. Nh5 Bf8
22. Bxf5 Nf6 23. Bb4 c5 24. dxc5 bxc5 25. Bxc5 1-0

[Event "Kvika Reykjavik Open 2022"]
[Site "Reykjavik ISL"]
[Date "2022.04.11"]
[Round "8.3"]
[White "Tania, Sachdev"]
[Black "Andersen, Mads"]
[Result "0-1"]
[WhiteTitle "IM"]
[BlackTitle "GM"]
[WhiteElo "2392"]
[BlackElo "2582"]
[WhiteFideId "5007844"]
[BlackFideId "1413864"]
[EventDate "2022.04.06"]

1. d4 d5 2. c4 c6 3. Nf3 Nf6 4. Nc3 e6 5. Bg5 dxc4 6. a4 Bb4 7. e4 Bxc3+ 8. bxc3
Qa5 9. e5 Ne4 10. Bd2 Nxd2 11. Qxd2 c5 12. Bxc4 cxd4 13. cxd4 Nc6 14. Bb5 Bd7
15. Qxa5 Nxa5 16. Bxd7+ Kxd7 17. Ng5 Ke7 18. Ne4 Rhc8 19. Nd6 Rc2 20. O-O Nc4
21. Nxb7 Rb8 22. Nc5 Nxe5 23. Na6 Rb6 24. dxe5 Rxa6 25. Rfb1 Rac6 26. g3 g5 27.
Rb8 Rc8 28. Rab1 Kd7 29. Rd1+ Kc7 30. Rb4 Rc5 31. Rbd4 Kb6 32. Rb1+ Ka6 33. a5
Rc1+ 34. Rxc1 Rxc1+ 35. Kg2 Rc7 36. h4 gxh4 37. Rxh4 Kxa5 38. Rxh7 Kb6 39. Kf3
a5 40. Ke3 a4 41. Rh1 Rd7 42. Rb1+ Kc5 43. Rc1+ Kb4 44. Rc8 Ra7 45. Kd4 Kb3 46.
Kd3 Rd7+ 47. Ke4 Rb7 0-1

[Event "Kvika Reykjavik Open 2022"]
[Site "Reykjavik ISL"]
[Date "2022.04.11"]
[Round "8.4"]
[White "Gukesh, D"]
[Black "Hjartarson, Johann"]
[Result "1-0"]
[WhiteTitle "GM"]
[BlackTitle "GM"]
[WhiteElo "2637"]
[BlackElo "2465"]
[WhiteFideId "46616543"]
[BlackFideId "2300044"]
[EventDate "2022.04.06"]

1. d4 Nf6 2. c4 e6 3. Nf3 b6 4. g3 Ba6 5. b3 Bb4+ 6. Bd2 Be7 7. Nc3 d5 8. cxd5
exd5 9. Bg2 O-O 10. O-O Bb7 11. Qc2 Nbd7 12. Ne5 Re8 13. Rfd1 c6 14. e4 Nf8 15.
a3 Ne6 16. Be3 Rc8 17. b4 dxe4 18. Nxe4 Nd5 19. Bh3 Bf6 20. Rac1 Rc7 21. Bg2 Be7
22. Nc3 Nxe3 23. fxe3 Bg5 24. Qf2 f6 25. Nd3 c5 26. d5 cxb4 27. axb4 Nf8 28. Nf4
Qd6 29. Nb5 Rxc1 30. Nxd6 Rxd1+ 31. Bf1 Ba6 32. b5 Rd8 33. Qc2 Ra1 34. Qb2 Ra5
35. Nf5 Bxf4 36. gxf4 Bb7 37. Ne7+ Kf7 38. Nc6 Bxc6 39. bxc6 Ke7 40. e4 Ng6 41.
Bb5 Nxf4 42. c7 Ra8 43. Qb4+ Kf7 44. d6 Ne6 45. Bc4 Rc5 46. Qxc5 1-0

[Event "Kvika Reykjavik Open 2022"]
[Site "Reykjavik ISL"]
[Date "2022.04.11"]
[Round "8.5"]
[White "Thorfinnsson, Bragi"]
[Black "Niemann, Hans Moke"]
[Result "1/2-1/2"]
[WhiteTitle "GM"]
[BlackTitle "GM"]
[WhiteElo "2419"]
[BlackElo "2637"]
[WhiteFideId "2300958"]
[BlackFideId "2093596"]
[EventDate "2022.04.06"]

1. Nf3 c5 2. b3 d6 3. Bb2 e5 4. e3 Nf6 5. Bb5+ Nc6 6. O-O a6 7. Bxc6+ bxc6 8. d3
a5 9. a4 g6 10. Nbd2 Bg7 11. Nc4 O-O 12. Nfd2 Be6 13. Qe2 Qc7 14. Rae1 Rfe8 15.
Qd1 Nd7 16. f4 Bxc4 17. Nxc4 d5 18. Nxe5 Nxe5 19. Bxe5 Bxe5 20. fxe5 Rxe5 21.
Rf6 Rae8 22. Qf3 R5e6 23. e4 R8e7 24. Rxe6 Rxe6 25. Rf1 dxe4 26. dxe4 c4 27. h3
Qe7 28. e5 Qe8 29. bxc4 Rxe5 30. Qf6 Re6 31. Qc3 Qd8 32. Kh1 h5 33. Qf3 Qe7 34.
Qc3 Re5 35. Rb1 Kh7 36. Rf1 Kg8 37. Rd1 Qg5 38. Qf3 Rc5 39. Qd3 Rf5 40. Qe4 Qf6
41. Qd3 h4 42. Qd8+ Qxd8 43. Rxd8+ Kg7 44. Rd6 Rf6 45. Rd4 g5 46. Kg1 Rf4 47.
Rxf4 gxf4 48. Kf2 Kf6 49. Kf3 Kf5 50. c5 f6 51. c3 Ke5 52. Kg4 Ke4 53. Kxh4 f3
54. Kg3 fxg2 55. Kxg2 Ke3 56. h4 Kf4 57. Kh3 f5 58. c4 Ke3 59. Kg2 Kf4 60. Kh3
Ke4 1/2-1/2

[Event "Kvika Reykjavik Open 2022"]
[Site "Reykjavik ISL"]
[Date "2022.04.11"]
[Round "8.6"]
[White "Jarmula, Lukasz"]
[Black "Sadhwani, Raunak"]
[Result "1-0"]
[WhiteTitle "GM"]
[BlackTitle "GM"]
[WhiteElo "2434"]
[BlackElo "2628"]
[WhiteFideId "1160664"]
[BlackFideId "35093487"]
[EventDate "2022.04.06"]

1. e4 c5 2. Nf3 d6 3. Bb5+ Nd7 4. c4 Nf6 5. Nc3 g6 6. O-O Bg7 7. d4 cxd4 8. Nxd4
O-O 9. Bxd7 Bxd7 10. Qd3 Rc8 11. h3 a6 12. a4 Qa5 13. Be3 Bc6 14. Rab1 Nd7 15.
b3 Qh5 16. f4 Nc5 17. Qc2 Ne6 18. Qd2 Nxd4 19. Bxd4 e5 20. fxe5 Bxe5 21. Bxe5
Qxe5 22. Nd5 Bxd5 23. exd5 Rce8 24. Rbe1 Qg3 25. Qf2 Qxf2+ 26. Kxf2 a5 27. Re3
Rxe3 28. Kxe3 Re8+ 29. Kd3 Kg7 30. c5 dxc5 31. Kc4 Re2 32. Kxc5 Kf8 33. Rf6 Rxg2
34. Rb6 Rc2+ 35. Kd6 f5 36. Ke5 Re2+ 37. Kf6 f4 38. Rxb7 f3 39. Rxh7 Kg8 40.
Rg7+ Kh8 41. Rc7 Re1 42. Rc2 Re2 43. Rc3 f2 44. Kxg6 1-0

[Event "Kvika Reykjavik Open 2022"]
[Site "Reykjavik ISL"]
[Date "2022.04.11"]
[Round "8.7"]
[White "Romanishin, Oleg M"]
[Black "Fier, Alexandr"]
[Result "0-1"]
[WhiteTitle "GM"]
[BlackTitle "GM"]
[WhiteElo "2415"]
[BlackElo "2573"]
[WhiteFideId "14100088"]
[BlackFideId "2107139"]
[EventDate "2022.04.06"]

1. Nf3 d5 2. g3 Nf6 3. Bg2 g6 4. c4 d4 5. d3 Bg7 6. e4 dxe3 7. fxe3 O-O 8. O-O
c5 9. Nc3 Nc6 10. a3 Bf5 11. e4 Bg4 12. Nd5 Nd7 13. Rb1 Nde5 14. Bg5 h6 15. Nxe5
Bxd1 16. Nxc6 bxc6 17. Bxe7 Qd7 18. Bxf8 Rxf8 0-1

[Event "Kvika Reykjavik Open 2022"]
[Site "Reykjavik ISL"]
[Date "2022.04.11"]
[Round "8.8"]
[White "Gretarsson, Hjorvar Steinn"]
[Black "Willow, Jonah B"]
[Result "1-0"]
[WhiteTitle "GM"]
[BlackTitle "FM"]
[WhiteElo "2542"]
[BlackElo "2411"]
[WhiteFideId "2302241"]
[BlackFideId "438804"]
[EventDate "2022.04.06"]

1. Nf3 d5 2. g3 Nd7 3. d4 Nb6 4. Bg2 Bf5 5. a4 a5 6. b3 c6 7. Ba3 Nf6 8. Nbd2 e6
9. Bxf8 Kxf8 10. Nh4 h6 11. O-O Bh7 12. e3 Nc8 13. Nhf3 Ne4 14. Qc1 Qe7 15. c4
Ncd6 16. c5 Nxd2 17. Nxd2 Ne4 18. Nxe4 Bxe4 19. Bxe4 dxe4 20. Rb1 h5 21. Qc2 f5
22. b4 h4 23. b5 Qg5 24. Qe2 Kf7 25. bxc6 bxc6 26. Rb7+ Kg6 27. Rfb1 hxg3 28.
fxg3 Rh3 29. Rb8 Rh8 30. Rxa8 Rxa8 31. Rb6 Rc8 32. Kg2 f4 33. exf4 Qd5 34. Qg4+
Kh7 35. Rb7 e3+ 36. Kh3 Qxd4 37. Qh5+ Kg8 38. Qf7+ Kh8 39. Qxe6 Rd8 40. Qe7 Rc8
41. Rd7 Qc3 42. f5 Rb8 43. Rd6 Qc2 44. Qe5 Rf8 45. g4 e2 46. Re6 Qd3+ 47. Qe3
Rd8 48. Qxd3 Rxd3+ 49. Kh4 Rd2 50. Re8+ Kh7 51. Kg5 Rc2 52. h4 Ra2 53. Kh5 Rxa4
54. g5 g6+ 55. fxg6+ Kg7 56. Rxe2 Rc4 57. Re7+ Kg8 58. Rc7 1-0

[Event "Kvika Reykjavik Open 2022"]
[Site "Reykjavik ISL"]
[Date "2022.04.11"]
[Round "8.9"]
[White "Yoo, Christopher Woojin"]
[Black "Korley, Kassa"]
[Result "1/2-1/2"]
[WhiteTitle "IM"]
[BlackTitle "IM"]
[WhiteElo "2532"]
[BlackElo "2400"]
[WhiteFideId "30909694"]
[BlackFideId "2033801"]
[EventDate "2022.04.06"]

1. d4 d5 2. c4 e6 3. Nf3 Nf6 4. Nc3 Be7 5. Bf4 O-O 6. e3 c5 7. dxc5 Bxc5 8. a3
Nc6 9. Qc2 Qa5 10. Rd1 h6 11. Be2 Ne4 12. O-O Nxc3 13. bxc3 Rd8 14. Nd2 Bf8 15.
Bg3 Qxa3 16. Bh4 Be7 17. Ra1 Qd6 18. Bg3 Qd7 19. Rad1 Bd6 20. f4 Qe8 21. Bf3 Ne7
22. Rde1 Bd7 23. Bh4 Rdc8 24. Kh1 Ng6 25. Bg3 Ne7 26. cxd5 Nxd5 27. c4 Nb4 28.
Qb1 Bc6 29. e4 Rd8 30. Bh5 Bf8 31. Nf3 Qe7 32. Bh4 Qc5 33. Ne5 Be8 34. Bxd8 Rxd8
35. Rd1 Rxd1 36. Qxd1 Nc6 37. Nd3 Qxc4 38. f5 e5 39. f6 g6 40. Bf3 a5 41. h4 Qd4
42. h5 a4 43. Qb1 gxh5 44. Rd1 Qd6 45. Qxb7 Qxf6 46. Qa8 Nd4 47. Qxe8 Nxf3 48.
g3 Ne1 49. Rxe1 Qf3+ 50. Kg1 Qxg3+ 51. Kh1 Qh3+ 52. Kg1 Qxd3 53. Rf1 Qg3+ 54.
Kh1 Qh4+ 55. Kg1 Qe7 56. Qxa4 Qg5+ 57. Kh1 Qh4+ 58. Kg2 Qg4+ 59. Kf2 Bc5+ 60.
Ke1 Qg3+ 61. Kd1 Qd3+ 62. Ke1 Kg7 63. Rxf7+ Kxf7 64. Qe8+ Kf6 65. Qg6+ Ke7 66.
Qe8+ Kf6 67. Qg6+ Ke7 68. Qe8+ Kxe8 1/2-1/2

[Event "Kvika Reykjavik Open 2022"]
[Site "Reykjavik ISL"]
[Date "2022.04.11"]
[Round "8.10"]
[White "Fantinel, Thibault"]
[Black "Maze, Sebastien"]
[Result "1/2-1/2"]
[WhiteTitle "IM"]
[BlackTitle "GM"]
[WhiteElo "2378"]
[BlackElo "2524"]
[WhiteFideId "663395"]
[BlackFideId "613762"]
[EventDate "2022.04.06"]

1. e4 c5 2. Nf3 e6 3. Nc3 Nc6 4. Bb5 Nd4 5. O-O a6 6. Bd3 Ne7 7. Nxd4 cxd4 8.
Ne2 d5 9. Re1 Nc6 10. exd5 Qxd5 11. Nf4 Qd6 12. g3 g6 13. Be4 Bg7 14. c4 O-O 15.
d3 Bd7 16. Bd2 a5 17. a3 Rfb8 18. Qc2 Bf8 19. Rec1 b6 20. b3 Ra6 21. Qb2 Ne5 22.
b4 f5 23. Bg2 Ra7 24. Qc2 Bc6 25. c5 bxc5 26. bxc5 Qd7 27. Re1 Bg7 28. Rxe5 Bxe5
29. Qc4 Bxg2 30. Kxg2 Qc6+ 31. Kg1 Kf7 32. Re1 Bxf4 33. Bxf4 Rd8 34. Bd6 Rxd6
35. cxd6 Qxd6 36. Qc8 Qf8 37. Qxe6+ Kg7 38. Qb6 Rd7 39. Qxa5 Qd6 40. a4 f4 41.
Qa8 Qb4 42. Qe8 Rf7 43. Qe5+ Kh6 44. g4 Qxa4 45. h4 Qc6 46. Qg5+ Kg7 47. h5 h6
48. Qxg6+ Qxg6 49. hxg6 Kxg6 50. Kg2 Rc7 51. Re4 Kg5 52. Kf3 Rc2 53. Rxd4 Rd2
54. Rd6 Rc2 55. Rd5+ Kg6 56. d4 Rd2 57. Rd6+ Kg5 58. Rd5+ Kg6 59. Kxf4 Rxf2+ 60.
Ke3 Rg2 61. Kf3 Rd2 62. Rd8 Kf6 63. Ke4 Rg2 64. Kf4 Rf2+ 65. Ke3 Rg2 66. Kf3 Rd2
67. d5 Ke7 68. Rh8 Rxd5 69. Rxh6 Kf7 70. Rh5 Rxh5 71. Ke4 1/2-1/2

[Event "Kvika Reykjavik Open 2022"]
[Site "Reykjavik ISL"]
[Date "2022.04.11"]
[Round "8.11"]
[White "Steingrimsson, Hedinn"]
[Black "Berdnyk, Mariia"]
[Result "1/2-1/2"]
[WhiteTitle "GM"]
[BlackTitle "FM"]
[WhiteElo "2538"]
[BlackElo "2287"]
[WhiteFideId "2300117"]
[BlackFideId "14137054"]
[EventDate "2022.04.06"]

1. c4 c5 2. Nf3 Nc6 3. Nc3 g6 4. e3 Nf6 5. d4 cxd4 6. exd4 d5 7. cxd5 Nxd5 8.
Qb3 Nxc3 9. Bc4 Nd5 10. Bxd5 e6 11. Bxc6+ bxc6 12. O-O Bd6 13. Qc3 Qc7 14. d5 e5
15. dxc6 O-O 16. Bh6 Re8 17. b4 Rb8 18. Rab1 Ba6 19. Rfc1 Bb5 20. Ng5 Rb6 21.
Ne4 Be7 22. Qf3 Rxc6 23. Nf6+ Bxf6 24. Qxf6 Rxf6 25. Rxc7 Ra6 26. Rb2 Ra4 27. h3
Rb8 28. Re7 Bc4 29. b5 Bxa2 30. Rxe5 Be6 31. g4 Rd4 32. Rc2 Rb4 33. Rd2 Bc4 34.
Re7 Bxb5 35. Rb7 Be8 36. Rxa7 Bc6 37. Ra6 Rb1+ 38. Kh2 Rh1+ 39. Kg3 Rb3+ 40. Be3
Bb7 41. Rb6 Rxb6 42. Bxb6 Kf8 43. Rd7 Bc6 44. Bc5+ Kg7 45. Bd4+ Kf8 46. Rd8+ Ke7
47. Rh8 g5 48. f3 Rf1 49. Bf2 Rb1 50. Be3 Rb3 51. Bxg5+ f6 52. Rxh7+ Ke6 53. Bh4
Rxf3+ 54. Kh2 Rf1 55. Rh6 Kf7 56. Rh7+ Ke6 57. Rc7 Rh1+ 58. Kg3 Rg1+ 59. Kf2
Rg2+ 60. Kf1 Bd5 61. Rc3 Rh2 62. Re3+ Kf7 63. Bf2 Rh1+ 64. Bg1 Kg6 65. Rc3 Bb7
66. Kf2 Ba8 67. Rc8 Bd5 68. Rd8 Bb7 69. Rg8+ Kh7 70. Rb8 Be4 71. Rb4 Ba8 72. Ra4
Bd5 73. Ra5 Be4 74. Ra4 Bd5 75. Ra5 Be4 76. Ra3 Kg6 77. Rg3 Kg5 78. Ke2 f5 79.
gxf5+ Kxf5 80. Bc5 Kf4 81. Bd6+ Kf5 82. Be7 Kf4 83. Ra3 Rh2+ 84. Ke1 Rh1+ 85.
Kd2 Rh2+ 86. Kc1 Rh1+ 1/2-1/2

[Event "Kvika Reykjavik Open 2022"]
[Site "Reykjavik ISL"]
[Date "2022.04.11"]
[Round "8.12"]
[White "Mishra, Abhimanyu"]
[Black "Baskin, Robert"]
[Result "1-0"]
[WhiteTitle "GM"]
[BlackTitle "IM"]
[WhiteElo "2524"]
[BlackElo "2393"]
[WhiteFideId "30920019"]
[BlackFideId "24662402"]
[EventDate "2022.04.06"]

1. e4 c5 2. Nf3 d6 3. Bb5+ Nd7 4. a4 Nf6 5. Nc3 a6 6. Be2 b6 7. d4 cxd4 8. Qxd4
Bb7 9. O-O e6 10. Rd1 Qc7 11. Be3 Ng4 12. Bg5 h6 13. Bh4 Nge5 14. h3 Rc8 15. Bg3
Be7 16. Rd2 O-O 17. Nxe5 Nxe5 18. Ra3 Nc6 19. Qe3 Bg5 20. Bf4 Bxf4 21. Qxf4 Ne5
22. Qe3 Rfd8 23. Rb3 Nd7 24. Rb4 Kf8 25. Rc4 Qb8 26. Rxc8 Rxc8 27. Qd4 Rc6 28.
Na2 Rc8 29. Nb4 Nc5 30. f3 a5 31. Nd3 e5 32. Nxc5 Rxc5 33. Qxd6+ Qxd6 34. Rxd6
Rxc2 35. Bb5 Bc8 36. Rxb6 Ke7 37. Bd3 Rc5 38. Kf2 Bd7 39. b3 Be6 40. b4 Rc3 41.
Ke2 axb4 42. Rxb4 Ra3 43. Rb7+ Kf6 44. Bb5 Ra2+ 45. Kf1 h5 46. Ra7 h4 47. a5 Kg5
48. Kg1 Kf4 49. Kh2 Rb2 50. Rb7 f5 51. Rb6 fxe4 52. fxe4 Bc8 53. Rb8 Ke3 54.
Rxc8 Rxb5 55. Rc3+ Kxe4 56. Ra3 Rb7 57. a6 Ra7 58. g3 hxg3+ 59. Kxg3 Kf5 60. Kf3
g6 61. Ra4 Ke6 62. Ra5 Kf5 63. Ra1 Kf6 64. Ke4 Ke6 65. Ra2 Kf6 66. Ra5 Kg5 67.
Kxe5 Kh4 68. Kf6 g5 69. Kg6 Ra8 70. Ra4+ 1-0